St. Mark's - The Basilica of Gold / (Record no. 617212)

000 -LEADER
fixed length control field 00403nam a22001457a 4500
020 ## - INTERNATIONAL STANDARD BOOK NUMBER
Qualifying information PB.
040 ## - CATALOGING SOURCE
Transcribing agency Fizza Ishaq
082 ## - DEWEY DECIMAL CLASSIFICATION NUMBER
Classification number 726.60945
Author Mark RIC
100 ## - MAIN ENTRY--PERSONAL NAME
Personal name Parsons, Creese Richard.
9 (RLIN) 134238
245 ## - TITLE STATEMENT
Title St. Mark's - The Basilica of Gold /
Statement of responsibility, etc. Richard Creese-Parsons.
250 ## - EDITION STATEMENT
Edition statement 3rd Italian Ed.
260 ## - PUBLICATION, DISTRIBUTION, ETC.
Place of publication, distribution, etc. Venice :
Name of publisher, distributor, etc. Edizioni Zanipolo Venezia,
Date of publication, distribution, etc. 1968.
300 ## - PHYSICAL DESCRIPTION
Extent 145 p, ;
942 ## - ADDED ENTRY ELEMENTS (KOHA)
Source of classification or shelving scheme
Koha item type Book
Holdings
Withdrawn status Lost status Source of classification or shelving scheme Damaged status Not for loan Permanent Location Current Location Shelving location Date acquired Total Checkouts Full call number Barcode Date last seen Price effective from Koha item type
          NUST Baluchistan Campus (NBC) NUST Baluchistan Campus (NBC) General Stacks 04/22/2026   726.60945 RIC QD-782 04/22/2026 04/22/2026 Book
© 2023 Central Library, National University of Sciences and Technology. All Rights Reserved.